[Event "Central America & Caribbean U14 Girls"]
[Site "Panama"]
[Date "2017.08.10"]
[Round "1.2"]
[White "Kandamaran, Pritika"]
[Black "Gonzalez Diaz, Penelope"]
[Result "0-1"]
[WhiteElo "1268"]
[BlackElo "1855"]
[PlyCount "106"]
[EventDate "2017.08.10"]
[EventType "swiss"]
[EventRounds "9"]
[EventCountry "PAN"]
[SourceTitle "EXT 2024"]
[Source "ChessBase"]
[SourceDate "2023.10.10"]
[SourceVersion "1"]
[SourceVersionDate "2023.10.10"]
[SourceQuality "1"]

1. e4 c6 2. d4 d5 3. Nc3 dxe4 4. Nxe4 Nd7 5. Nf3 Ngf6 6. Nxf6+ Nxf6 7. Bd3 Bg4 8. c3 e6 9. 0-0 Be7 10. Re1 Qb6 11. Be2 Bxf3 12. Bxf3 0-0-0 13. Qc2 Qc7 14. a4 Bd6 15. g3 h5 16. Bg5 Rdg8 17. Qd2 Nd7 18. c4 f6 19. c5 Bf8 20. Be3 g5 21. b4 g4 22. Be2 e5 23. Bc4 Rg7 24. Be6 Kb8 25. b5 exd4 26. Bxd4 Bxc5 27. Bxc5 Nxc5 28. Qc3 Nxe6 29. Rxe6 cxb5 30. Qxc7+ Kxc7 31. axb5 Kb8 32. Rxf6 Rg5 33. Rb1 b6 34. Rf7 Rc8 35. Ra1 Rc7 36. Rxc7 Kxc7 37. Rxa7+ Kd6 38. Ra1 Rxb5 39. Kf1 Rb2 40. Ke1 b5 41. Rd1+ Ke5 42. Rd3 Ke4 43. Re3+ Kd4 44. Kd1 Rxf2 45. Re2 Rxe2 46. Kxe2 Kc3 47. Kd1 b4 48. Kc1 b3 49. Kb1 b2 50. Ka2 Kc2 51. Ka3 b1Q 52. Ka4 Qb6 53. Ka3 Qb3# 0-1